000 01280cam a22001934a 4500
005 20250605164335.0
008 250528s ||||||||||||||||||||||||d
035 _a23392
040 _aGR-AtMCL
_bgre
_dGR-AtMCL
_eAACR2
245 1 _aA Descriptive Study of HR OPerations in Organizations in Greece.
260 _c2017
300 _a72
520 _aIntroduction, Human Resources Management, Definition of Human Resources Management, the Role of Human Resources Management, the Function of the Human Resources Management, Attracting Human Resources, the Selection of Human Resources by Organizations, the Training and Development of the Human Resources, Trends and Changes in Human Resources Management, Challenges, the HRM System, Planning of Human Resources Management, Flexible Work Schedules, Evaluation of Performance, Complaint Management, Teamwork, Dissemination of Information, Job Security, the Value Proposition Model, Methodology, Data Collection Method, Research Design - Philosophy, Findings/Resuylts, Descriptive, Inferential Statistics, Conclusion, Recommendation, Personal Reflection, Questionnaires, Ethical Approval Form.
700 1 _aDr. Geranios Michail
_98955
700 1 _aPanoutsou Eleni
_98956
942 _cDS
999 _c8415
_d8415